| 000 | 00729nam a22001817a 4500 | ||
|---|---|---|---|
| 005 | 20201124141927.0 | ||
| 008 | 111218s1969 ua|||||r|||| 00| 0 ara d | ||
| 082 |
_222 _a155.633 _bب و ن |
||
| 100 |
_928157 _aبونابرت، ماري |
||
| 240 | _aSexua;ite de La Femme | ||
| 245 |
_aسيكولوجية المرأة / _cتأليف ماري بونابارت ؛ ترجمة صلاح مخيمر، عبده ميخائيل. |
||
| 260 |
_aالقاهرة : _bمكتبة الأنجلو المصرية، _c1969. |
||
| 300 |
_a380 ص. ؛ _c24 سم. |
||
| 504 | _aيشتمل على إرجاعات ببليوجرافية: ص 337-341 | ||
| 650 |
_916296 _aالمرأة _xعلم النفس |
||
| 653 |
_bAra _cDecember2011 |
||
| 942 |
_2ddc _cBB |
||
| 999 |
_c16336 _d16336 |
||